Catálogo
 En Linea

Guía viaria de Ciudad Trujillo / (Registro nro. 31854)

Detalles MARC
000 -CABECERA
campo de control de longitud fija 00789nam a2200157 a 4500
001 - NÚMERO DE CONTROL
campo de control 000032363
005 - FECHA Y HORA DE LA ÚLTIMA TRANSACCIÓN
campo de control 20200930065613.0
008 - DATOS DE LONGITUD FIJA--INFORMACIÓN GENERAL
campo de control de longitud fija 110714s1944 dr 000 0 spa d
040 ## - FUENTE DE LA CATALOGACIÓN
Centro catalogador/agencia de origen DO-SdBNP
Lengua de catalogación spa
Centro/agencia transcriptor BNPHU
082 ## - NÚMERO DE LA CLASIFICACIÓN DECIMAL DEWEY
Número de clasificación xxx
Número de documento/Ítem J58g
100 1# - ENTRADA PRINCIPAL--NOMBRE DE PERSONA
Nombre de persona Jesús Mejía, Manuel de
9 (RLIN) 58357
245 10 - MENCIÓN DE TÍTULO
Título Guía viaria de Ciudad Trujillo /
Mención de responsabilidad, etc. Manuel de Jesús Mejía.
260 ## - PUBLICACIÓN, DISTRIBUCIÓN, ETC.
Lugar de publicación, distribución, etc. Ciudad Trujillo, República Dominicana :
Nombre del editor, distribuidor, etc. La Opinion,
Fecha de publicación, distribución, etc. 1944.
300 ## - DESCRIPCIÓN FÍSICA
Extensión 59 p. ;
Dimensiones 21 cm.
500 ## - NOTA GENERAL
Nota general Contiene en orden alfabético los nombres de las avenidas, paseos, calles, callejones, cuestas, plazas, parques, plazoletas, cementerios, aeródromos, barrios, ensanches y solares públicos de Ciudad Trujillo, el origen de sus denominaciones oficiales o populares, y en muchos casos sis nombres anteriores y antiguas.
Existencias
Estado de retiro Estado de pérdida Restricciones de uso No para préstamo Código de colección Localización permanente Ubicación/localización actual Ubicación en estantería Fecha de adquisición Número de inventario Total de préstamos Signatura topográfica completa Código de barras Fecha visto por última vez Precio válido a partir de Tipo de ítem Koha Nota pública
      Excluido de préstamo Raros y valiosos Patrimonio Dominicano Patrimonio Dominicano En catalogación 14.07.2011 LF1   xxx J58g 32363-10 25.06.2020 25.06.2020 No se presta Perteneció a la biblioteca personal de Carlos Larrazabal Blanco

Con tecnología Koha